Reparación de motores eléctricos
| Main Author: | |
|---|---|
| Format: | Section = Libro |
| Language: | Undetermined Spanish |
| Published: |
Barcelona
Gustavo Gili
1973
|
| Edition: | 7a.ed. |
| Subjects: |
| LEADER | 00565nam a2200217Ia 4500 | ||
|---|---|---|---|
| 008 | 240829s9999 xx 000 0 und d | ||
| 020 | |a 84-252-0146-2 | ||
| 040 | |a BIBLIOTECA-RUPAP 621.31042 R812 | ||
| 041 | |a spa | ||
| 082 | |a 621.31042 R812 | ||
| 100 | 1 | |a Rosemberg, Robert | |
| 245 | 1 | 0 | |a Reparación de motores eléctricos |
| 250 | |a 7a.ed. | ||
| 260 | |a Barcelona |b Gustavo Gili |c 1973 | ||
| 300 | |a 400 p. :il. | ||
| 650 | 7 | |a MOTORES ELECTRICOS | |
| 650 | 7 | |b ELECTRICIDAD | |
| 650 | 7 | |c APARATOS E INSTRUMENTOS | |
| 942 | |c BK |2 ddc | ||
| 991 | |a TEXTO | ||
| 999 | |c 8088 | ||